000
00205nam a22000857a 4500
008
170202b xxu||||| |||| 00| 0 eng d
100
_9
2744
_a
CBSE
245
_a
Science Q.B.-IX
260
_a
New Delhi
_b
Oswall
_c
2010
999
_c
5927
_d
5927